00998nam a22002657a 45000010005000000030006000050050017000110080041000280200017000690400029000860500018001150820008001331000021001412450131001622600051002933000047003445050007003915200135003985210028005335210018005616500054005797000029006337000031006627000039006937056FISKH20250813134229.0250619b cb ||||| |||| 00| 0 eng d a027506300038 aFISKHbengcFISKHdFISKH aPN1997.B8 T47 a298 aSaxon, Victoria  aThinking big :bA bug's life /cWritten by Vitoria Saxon and Annie Auerbach ; Illustrated by Jeffrey Oh and Andrew Phillipson  aUnited States : bAdvance Publishers,c1998.  a45 pages : bcolor illustrations ;c26 cm aR  aDot was tired of waiting for her wings to grow. Flik helps her realize that being little is O.K. Dot and Flik learn to think big. 8 a660 bLexile estimate 8 aR bRaz-Plus  aA Bug's LifevCartoons & CharactersxInsects/Bugs aAuerbach, AnnieeAuthor  aOh, Jeffreye illustrator  aPhillipson, Andrew e illustrator